Mniejsze polskie miejscowości, które możesz znać #3 - Statystyki

Ogólne statystyki
  • Ten quiz został rozwiązany 1 094 razy
  • Średni wynik to 7 z 17
Statystyki odpowiedzi
Powód Ludność Odpowiedź % Poprawnych
W XIII w. rozpoczęto tu budowę zamku krzyżackiego 36,6 tys. M Malbork
83%
Jest siedzibą powiatu bieszczadzkiego 8,3 tys. U Ustrzyki Dolne
69%
Według Grzegorza Schetyny, wybory wygrywa się w tym mieście. 11 kwietnia 2025 r. odbyła się tam debata prezydencka 17,2 tys. K Końskie
63%
Jedna z najbogatszych gmin w Polsce, znajduje się tam KWB i Elektrownia Turów 15,9 tys. B Bogatynia
61%
Największe miasto w polskiej części Łużyc 36 tys. Ż Żary
58%
Klub piłkarski z siedzibą w tym mieście w latach 2023-25 występował w Ekstraklasie 17,1 tys. N Niepołomice
56%
Około 5 km na pn.-wsch. od tego miasta znajduje się jedyny międzynarodowy port lotniczy w województwie zachodniopomorskim 21,4 tys. G Goleniów
50%
Po rozpoczęciu inwazji Rosji na Ukrainę, zdecydowana większość uchodźców uciekających z Ukrainy przekroczyła granicę na przejściu granicznym właśnie w tej wsi 2,49 tys. M Medyka
50%
W tej wsi w woj. śląskim znajduje się Ośrodek Narciarski Złoty Groń 5,27 tys. I Istebna
30%
Od połowy XIX w. znajdujące się w tej wsi sanktuarium Bolesnej Królowej Polski jest ośrodkiem pielgrzymkowym o znaczeniu ogólnopolskim oraz światowym 1,6 tys. L Licheń Stary
27%
Wraz z Zieloną Górą i Nową Solą tworzy Lubuskie Trójmiasto 16,4 tys. S Sulechów
27%
Znajduje się tam najstarszy zachowany meczet tatarski w Polsce 74 K Kruszyniany
25%
Jest jedną z najludniejszych wsi w Polsce. Znajduje się tam także 87,1% KWK Pniówek (w czasach komunistycznych nazywała się XXX-lecia PRL) 9,1 tys. P Pawłowice
21%
W 1454 r. odbyła się tam najważniejsza bitwa wojny trzynastoletniej i jednocześnie największa klęska Królestwa Polskiego w historii starć zbrojnych z Krzyżakami 38,5 tys. C Chojnice
19%
Jest największym polskim miastem, w którym nie znajduje się żaden sklep Lidl *wskazówka: to miasto znajduje się w woj. śląskim 26,4 tys. C Czerwionka-Leszczyny
16%
W 1943 r. w tej wsi urodził się przyszły prezydent III RP, Lech Wałęsa 101 P Popowo
11%
W latach 1940-42 znajdowało się tam getto żydowskie. W sierpniu 1942 r. doszło tam do masowego mordu ludności żydowskiej 1,63 tys. Ł Łomazy
4%
Nie znaleziono quizów pasujących do podanych kryteriów
Rozkład punktacji
Procent ludzi z każdym wynikiem
Percentyl według liczby udzielonych odpowiedzi
Twoja historia wyników
Nie rozwiązałeś tego quizu